| 000 | 00353 a2200157 4500 | ||
|---|---|---|---|
| 001 | 68845 | ||
| 020 | _a850804240X | ||
| 040 | _cAnchieta - Itaigara | ||
| 240 | 1 | 0 |
_aA Bela Adormecida; Mãe nevada _lpor |
| 245 | 1 | 0 | _aA Bela Adormecida; Mãe nevada |
| 300 | _a16 | ||
| 362 | 0 | _a1996 | |
| 440 | 1 | _aÁtica | |
| 650 | 4 | _aLiteratura infantil | |
| 942 | _cBK | ||
| 999 |
_c68845 _d68845 |
||